<?xml version="1.0" encoding="UTF-8"?>
<collection xmlns="http://www.loc.gov/MARC21/slim">
 <record>
  <leader>02943naa a2200253 a 4500</leader>
  <controlfield tag="001">1/42756</controlfield>
  <controlfield tag="008">120710s2008    us a     b    001 0 eng  </controlfield>
  <datafield tag="020" ind1=" " ind2=" ">
   <subfield code="a">9780444533012 (e-book : PDF)</subfield>
  </datafield>
  <datafield tag="035" ind1=" " ind2=" ">
   <subfield code="l">45630</subfield>
  </datafield>
  <datafield tag="040" ind1=" " ind2=" ">
   <subfield code="a">OPELS</subfield>
   <subfield code="b">eng</subfield>
   <subfield code="c">OPELS</subfield>
   <subfield code="d">OPELS</subfield>
   <subfield code="d">GR-PeUP</subfield>
  </datafield>
  <datafield tag="041" ind1="0" ind2=" ">
   <subfield code="a">eng</subfield>
  </datafield>
  <datafield tag="245" ind1="0" ind2="0">
   <subfield code="a">Climate change</subfield>
   <subfield code="h">[electronic resource] :</subfield>
   <subfield code="b">observed impacts on planet Earth /</subfield>
   <subfield code="c">edited by Trevor M. Letcher.</subfield>
  </datafield>
  <datafield tag="260" ind1=" " ind2=" ">
   <subfield code="a">Amsterdam ;</subfield>
   <subfield code="a">Boston :</subfield>
   <subfield code="b">Elsevier,</subfield>
   <subfield code="c">c2008.</subfield>
  </datafield>
  <datafield tag="300" ind1=" " ind2=" ">
   <subfield code="a">Ένα html e-book.</subfield>
  </datafield>
  <datafield tag="504" ind1=" " ind2=" ">
   <subfield code="a">Περιέχει βιβλιογραφία και ευρετήριο.</subfield>
  </datafield>
  <datafield tag="505" ind1="0" ind2=" ">
   <subfield code="a">Table of Contents -- Foreword, Preface, List of Contributors -- PART I. POSSIBLE CAUSES OF CLIMATE CHANGE -- 1. The Role of Atmospheric Gases in Global Warming -- 2. The Role of Widespread Surface Solar Radiation Trends in Climate Change: Dimming and Brightening -- 3. The Role of Space Weather and Cosmic Ray Effects in Climate Change -- 4. The Role of Volcanic Activity in Climate and Global Change -- 5. The Role of Variations of the Earth's Orbital Characteristics in Climate Change -- PART II. A GEOLOGICAL HISTORY OF CLIMATE CHANGE -- 6. A Geological History of Climate Change -- PART III. INDICATORS OF CLIMATE AND GLOBAL CHANGE -- 7. Changes in the Circulation of the Atmosphere as Indicators of Climate Change -- 8. Weather Pattern Changes in the Tropics and Mid-Latitudes as an Indicator of Global Change -- 9. Bird Ecology as an Indicator of Climate and Global Change -- 10. Mammal Ecology as an Indicator of Climate Change -- 11. Climate Change and Temporal and Spatial Mismatches in Insect Communities -- 12. Sea Life (Pelagic and Planktonic Ecosystems) as an Indicator of Climate and Global Change -- 13. Changes in Coral Reef Ecosystems as an Indicator of Climate and Global Change -- 14. Changes in Marine Biodiversity as an Indicator of Climate Change -- 15. Inter-tidal Indicators of Climate and Global Change -- 16. Plant Ecology as an Indicator of Climate and Global Change -- 17. The Impact of Climate and Global Change on Crop Production -- 18. Rising Sea Level as an Indicator of Global Change -- 19. Sea Temperature Change as an Indicator of Global Change -- 20. Ocean Current Changes as an Indicator of Global Change -- 21. Ocean Acidification as an Indicator of Global Change -- 22. Ice Sheets: Instruments and Indicators of Global Change -- 23. Lichens as an Indicator of Climate and Global Change -- 24. Coastline Degradation as an Indicator of Global Change -- 25. Plant Pathogens as Indicators of Climate Change.</subfield>
  </datafield>
  <datafield tag="650" ind1=" " ind2="4">
   <subfield code="a">Climatic Changes.</subfield>
  </datafield>
  <datafield tag="650" ind1=" " ind2="4">
   <subfield code="a">Climatic changes</subfield>
   <subfield code="x">Environmental aspects.</subfield>
  </datafield>
  <datafield tag="650" ind1=" " ind2="4">
   <subfield code="a">Global environmental change.</subfield>
  </datafield>
  <datafield tag="655" ind1=" " ind2="4">
   <subfield code="a">Electronic books.</subfield>
  </datafield>
  <datafield tag="700" ind1="1" ind2=" ">
   <subfield code="a">Letcher, T. M.</subfield>
   <subfield code="q">(Trevor M.)</subfield>
  </datafield>
  <datafield tag="852" ind1=" " ind2=" ">
   <subfield code="a">INST</subfield>
   <subfield code="b">UNIPILB</subfield>
   <subfield code="c">EBOOKS</subfield>
   <subfield code="e">20120710</subfield>
   <subfield code="p">00b45630</subfield>
   <subfield code="q">00b45630</subfield>
   <subfield code="t">ONLINE</subfield>
   <subfield code="y">0</subfield>
  </datafield>
  <datafield tag="856" ind1="4" ind2="0">
   <subfield code="u">http://www.sciencedirect.com/science/book/9780444533012</subfield>
  </datafield>
  <datafield tag="856" ind1="4" ind2=" ">
   <subfield code="d">/webopac/covers/03/45630_9780444533012.jpg</subfield>
   <subfield code="z">(e-book : PDF)</subfield>
  </datafield>
 </record>
</collection>
